000 00637nam a2200217 a 4500
005 20210219152950.0
008 991125n 000 0 u
035 _aUPN01000069376
100 _aTENA ARTIGAS, Joaquin
222 _aREVISTA DE EDUCACION
245 _aContestación al cuestionario de la Revista de Educación sobre la Ley General de Educación veinte años después
300 _a297-306
362 _aNUMERO EXTRAORDINARIO 1992
653 0 _aESPAÑA
653 0 _aLGE
653 0 _aLOGSE
653 0 _aPOLITICA EDUCATIVA
653 0 _aSISTEMA EDUCATIVO NACIONAL
904 _aAC
_b007187
905 _aArticulo
999 _c64953
_d64953